000 01231cam a22003254a 4500
001 12308715
003 EG-ScBUE
005 20241210114423.0
008 010213s2001 nyua f b 001 0 eng d
020 _a0387952594 (alk. paper)
040 _aDLC
_cDLC
050 0 0 _aQA279.5
_b.J45 2001
082 0 0 _a519.542
_221
_bJEN
100 1 _aJensen, Finn V.
_96816
245 1 0 _aBayesian Networks and Decision Graphs /
_cFinn V. Jensen.
264 1 _aNew York :
_bSpringer,
_c[2001]
264 4 _cc2001
300 _axv, 268 pages :
_billustrations ;
_c24 cm
336 _2rdacontent
_atext
_btxt
337 _aunmediated
_2rdamedia
_bn
338 _avolume
_bnc
_2rdacarrier
504 _aIncludes bibliographical references and index.
650 7 _aBayesian statistical decision theory
_xData processing.
_2BUEsh
_96818
650 7 _aMachine learning.
_2BUEsh
_96819
650 7 _aNeural networks (Computer science)
_2BUEsh
_96820
650 7 _aDecision making.
_2BUEsh
_96821
655 _vReading book
942 _2ddc
_cBB
999 _c12002
_d12002